000 00270nam a22001217a 4500
008 170601b xxu||||| |||| 00| 0 eng d
041 _aeng
080 _a94(4)
100 _a17
101 _aSHH
245 _aLENIN&THE RUSSIAN REVOLUTION
_cSHUKMAN, H
942 _2udc
_cBK
999 _c15229
_d15229